000 00792nam a2200265Ia 4500
003 OSt
005 20221006160055.0
006 a|||||r|||| 00| 0
007 ta
008 221006b |||||||| |||| 00| 0 eng d
020 _a9780472117086
_cCDN
_ 79.18
024 _a44,213
037 _bGift, KCC (Window on Korea)
_cTextual
040 _aEASL
_cEASL
_beng
041 _2eng
_aeng
082 _aNW4952, Q0
100 _aKim Suk-young
_9671789
245 0 _aIllusive Utopia
_b Theater, Film, and everyday performance in North Korea
260 _aAnn Arbor
_bUniversity of Michigan Press
_c2010
300 _a387p.
_ccm.
490 _v KEL
650 _aKEL
942 _hNW4952, Q0
_cTEXL
_2CC
999 _c1112305
_d1112305